[Event "II 2016"]
[Site "SchemingMind.com"]
[Date "2016.04.23"]
[Round "-"]
[White "flyinduck"]
[Black "mi_di"]
[Result "0-1"]
[WhiteCountry "CAN"]
[BlackCountry "MEX"]
[WhiteElo "2052"]
[WhiteRD "58"]
[BlackElo "2471"]
[BlackRD "122"]
[GameID "398367"]

1. d4 Nf6 2. c4 c5 3. d5 e6 4. Nc3 exd5 5. cxd5 d6 6. Nf3 g6 7. Nd2 Bg7 8. Nc4 O-O 9. Bf4 Ne8 10. Qd2 b6
11. e3 Ba6 12. a4 f5 13. h4 Bxc4 14. Bxc4 Nd7 15. Be2 Qe7 16. a5 Nc7 17. Bg5 Bf6 18. Bxf6 Nxf6 19. h5 g5 20. O-O Qe5
21. Rfd1 g4 22. h6 b5 23. Bxb5 Nxb5 24. Nxb5 Ne4 25. Qc2 Rf6
0-1

[Event "II 2016"]
[Site "SchemingMind.com"]
[Date "2016.04.22"]
[Round "-"]
[White "mi_di"]
[Black "JAHI"]
[Result "1-0"]
[WhiteCountry "MEX"]
[BlackCountry "INT"]
[WhiteElo "2417"]
[WhiteRD "107"]
[BlackElo "2047"]
[BlackRD "58"]
[GameID "398368"]

1. e4 e6 2. d4 d6 3. Nf3 d5 4. exd5 exd5 5. Nc3 c6 6. Bd3 c5 7. dxc5 Nf6 8. b4 Be7 9. O-O b6 10. Bb5+ Bd7
11. Bxd7+ Qxd7 12. Ne5 Qd8 13. Bg5 bxc5 14. b5 h6 15. Bxf6 gxf6 16. Qxd5 Qxd5 17. Nxd5 fxe5 18. Nc7+ Kd8 19. Nxa8 Kc8 20. b6 Kb7
21. Nc7 axb6 22. Nd5 Re8 23. Rad1 Nd7 24. Rfe1 Bg5 25. f4 Bd8 26. Rd3 e4 27. Rh3 Nf6 28. Nxf6 Bxf6 29. Rxh6 Bd4+ 30. Kf1 f6
31. g4 Rg8 32. h3 e3 33. Ke2 Ra8 34. g5 Rxa2 35. Rc1 fxg5 36. fxg5 Ra4 37. g6 Ka6 38. Rh4 Ra5 39. Rxd4 Kb5 40. Rg4 Ra8
41. g7 Rg8 42. Rf1 Ka5 43. Rf8 Rxg7 44. Rxg7 Kb4 45. Rb7 Kb5 46. Kxe3 Kc6 47. Rff7 Kb5 48. Rf6 Kb4 49. Rbxb6+ Kc3 50. Rf4 c4
51. Rb5 Kxc2 52. Rxc4+ Kd1 53. Rb1#
1-0

[Event "II 2016"]
[Site "SchemingMind.com"]
[Date "2016.04.27"]
[Round "-"]
[White "JAHI"]
[Black "mi_di"]
[Result "0-1"]
[WhiteCountry "INT"]
[BlackCountry "MEX"]
[WhiteElo "2067"]
[WhiteRD "72"]
[BlackElo "2488"]
[BlackRD "108"]
[GameID "398369"]

1. g3 d5 2. Bg2 e5 3. d3 Nf6 4. e3 Bg4 5. Ne2 Nbd7 6. d4 Bd6 7. b3 c6 8. Bb2 h5 9. f3 Bf5 10. c3 Qe7
11. c4 h4 12. c5 Bc7 13. b4 h3 14. Bf1 O-O-O 15. Qb3 g5 16. dxe5 Bxe5 17. Nd4 Bg6 18. Nd2 Rde8 19. Bd3 g4 20. Bxg6 fxg6
21. f4 Bc7 22. Nc2 Rhg8 23. Rf1 Ne4 24. Nxe4 Qxe4 25. Bd4 Bd8 26. Qc3 g5 27. Qd2 gxf4 28. Rxf4 Qe6 29. Qd3 Bg5 30. Rf5 Ref8
31. Rxf8+ Rxf8 32. Rb1 Ne5 33. Bxe5 Qxe5 34. Ke2 d4 35. Rf1 Rxf1 36. Kxf1 Qd5 37. e4 Qxa2 38. Qd1 Qc4+ 39. Ke1 Qc3+ 40. Kf1 Kb8
41. Qxg4 Qc4+ 42. Ke1 Bh6 43. e5 Qc3+ 44. Kf1 a5 45. Ne1 Qc4+ 46. Qe2 Qd5 47. Qf3 Qxe5 48. Nd3 Qe6 49. bxa5 Qc4 50. a6 Qxa6
51. Qe2 Qc4 52. Nf2 Qc1+ 53. Nd1 Qxc5 54. Qe6 Qb5+ 55. Kf2 Qa4 56. Qxh6 Qxd1 57. Qxh3 Qd2+ 58. Kf1 d3 59. Qh5 b5 60. Qe8+ Kb7
61. Qd7+ Kb6 62. Qd8+ Kc5 63. Qe7+ Kc4 64. Qe6+ Kb4 65. Qe1 Qxe1+ 66. Kxe1 Kc3 67. Kf2 Kc2 68. g4 d2 69. Kg3 d1=Q 70. Kf4 Qd4+
71. Kf5 Qf2+ 72. Ke4 Qxh2 73. Kf5 b4 74. g5 b3 75. g6 b2 76. g7 b1=Q 77. g8=Q Kc1+ 78. Ke6 Qe4+ 79. Kd7 Qd2+ 80. Kc8 Qf5+
81. Qe6 Qxe6+ 82. Kb7 Qa5 83. Kb8 Qe7 84. Kc8 Qac7#
0-1